Yu-Gi-Oh! - Monstre (4) - Statistiques

Statistiques générales
  • Ce quiz a été pris 63 fois
  • Le résultat moyen est 77 sur 81
Statistiques - réponses
Question Tuile Select % Correct
Qui est Sœurs de Harpie ? Non
100%
Qui est Sœurs de Harpie ? Non
100%
Qui est Sœurs de Harpie ? Non
100%
Qui est Sœurs de Harpie ? Non
100%
Qui est Sœurs de Harpie ? Non
100%
Qui est Sœurs de Harpie ? Non
100%
Qui est Sœurs de Harpie ? Non
100%
Qui est Dame Harpie ? Non
100%
Qui est Dame Harpie ? Non
100%
Qui est Dame Harpie ? Non
100%
Qui est Dame Harpie ? Non
100%
Qui est Dame Harpie ? Non
100%
Qui est Dame Harpie ? Non
100%
Qui est Dame Harpie ? Non
100%
Qui est Guerrière Amazonesse ? Non
100%
Qui est Guerrière Amazonesse ? Non
100%
Qui est Guerrière Amazonesse ? Non
100%
Qui est Guerrière Amazonesse ? Non
100%
Qui est Guerrière Amazonesse ? Non
100%
Qui est l'Amazone Hostile ? Non
100%
Qui est l'Amazone Hostile ? Non
100%
Qui est l'Amazone Hostile ? Non
100%
Qui est l'Amazone Hostile ? Non
100%
Qui est Amazonesse avec Chaîne ? Non
100%
Qui est Amazonesse avec Chaîne ? Non
100%
Qui est Amazonesse avec Chaîne ? Non
100%
Qui est Amazonesse avec Chaîne ? Non
100%
Qui est Amazonesse avec Chaîne ? Non
100%
Qui est Épée Amazonesse ? Non
98%
Qui est Épée Amazonesse ? Non
98%
Qui est Épée Amazonesse ? Non
98%
Qui est Épée Amazonesse ? Non
98%
Qui est Épée Amazonesse ? Non
98%
Qui est Sœurs de Harpie ? Oui
98%
Qui est l'Amazone Hostile ? Non
98%
Qui est Dunames, Sorcière des Ténèbres ? Non
98%
Qui est Dunames, Sorcière des Ténèbres ? Non
98%
Qui est Dunames, Sorcière des Ténèbres ? Non
98%
Qui est Dunames, Sorcière des Ténèbres ? Non
98%
Qui est Dunames, Sorcière des Ténèbres ? Non
98%
Qui est Amazonesse avec Chaîne ? Non
98%
Qui est Cyber-Harpie ? Non
98%
Qui est Cyber-Harpie ? Non
98%
Qui est Cyber-Harpie ? Non
98%
Qui est Cyber-Harpie ? Non
98%
Qui est Cyber-Harpie ? Non
98%
Qui est Dragon de Harpie ? Non
98%
Qui est Dragon de Harpie ? Non
98%
Qui est Dragon de Harpie ? Non
98%
Qui est Dragon de Harpie ? Non
98%
Qui est Dragon de Harpie ? Oui
98%
Qui est Dragon de Harpie ? Non
98%
Qui est Dragon de Harpie ? Non
98%
Qui est Dragon de Harpie ? Non
98%
Qui est Dragon de Harpie ? Non
98%
Qui est Sœurs de Harpie ? Non
96%
Qui est l'Amazone Hostile ? Non
96%
Qui est Dunames, Sorcière des Ténèbres ? Non
96%
Qui est Dunames, Sorcière des Ténèbres ? Non
96%
Qui est Cyber-Harpie ? Non
96%
Qui est Épée Amazonesse ? Non
95%
Qui est Épée Amazonesse ? Non
95%
Qui est Amazonesse avec Chaîne ? Non
95%
Qui est Guerrière Amazonesse ? Non
93%
Qui est Épée Amazonesse ? Non
91%
Qui est Guerrière Amazonesse ? Non
91%
Qui est Guerrière Amazonesse ? Non
89%
Qui est Amazonesse avec Chaîne ? Non
88%
Qui est Cyber-Harpie ? Non
88%
Qui est Cyber-Harpie ? Non
88%
Qui est Épée Amazonesse ? Oui
86%
Qui est Dame Harpie ? Oui
84%
Qui est Dame Harpie ? Non
82%
Qui est Dunames, Sorcière des Ténèbres ? Non
80%
Qui est Amazonesse avec Chaîne ? Oui
80%
Qui est Dunames, Sorcière des Ténèbres ? Oui
77%
Qui est Guerrière Amazonesse ? Oui
75%
Qui est l'Amazone Hostile ? Non
75%
Qui est l'Amazone Hostile ? Non
75%
Qui est Cyber-Harpie ? Oui
75%
Qui est l'Amazone Hostile ? Oui
48%
Aucun quiz correspondant
Distribution des résultats
% des personnes avec chaque résultat
Percentile par nombre de réponses
Votre historique - résultats
Vous n’avez pas pris ce quiz